Remoción de arsénico (V) en agua potable por medio de adsorción utilizando perlas de quitosano-hierro (III)

Uloženo v:
Podrobná bibliografie
Hlavní autor: Todd Supuy, Shiu Leng, 1994-
Další autoři: Romero Esquivel, Luis Guillermo, 1969- Director del TFG
Médium: Kniha
Jazyk:Spanish
Vydáno: San José, Costa Rica 2021
Témata:
Tagy: Přidat tag
Žádné tagy, Buďte první, kdo vytvoří štítek k tomuto záznamu!

MARC

LEADER 00000nam a2200000Ia 4500
003 013343
005 20230327143034.0
008 140116s2021 cr a 000 ||spa d
040 |c cru CEDI 
100 |a Todd Supuy, Shiu Leng, 1994-  |9 54 
245 |a Remoción de arsénico (V) en agua potable por medio de adsorción utilizando perlas de quitosano-hierro (III) 
260 |c 2021  |a  San José, Costa Rica 
500 |a  Proyecto de graduación (licenciatura en ingeniería química)--Universidad de Costa Rica. Facultad de Ingeniería. Escuela de Ingeniería Química 
501 |a Director de Proyecto de Graduación: Dr. Luis Romero Esquivel 
650 |x ANALISIS ESPECTRAL - METODOS  |x QUITOSANO   |x HIERRO   |x ARSENICO - ABSORCION Y ADSORCION  |x PURIFICACION DEL AGUA - ELIMINACION DE ARSENICO 
700 |9 55  |a Romero Esquivel, Luis Guillermo, 1969-  |d  Director del TFG 
942 |c CEDI  |h TFG 8494  |2 ddc  |6 TFG_8494_000000000000000 
999 |c 21845  |d 21845